Data mining with python : (Record no. 1429023)
[ view plain ]
| 000 -LEADER | |
|---|---|
| fixed length control field | 00733nam a2200253Ia 4500 |
| 005 - DATE AND TIME OF LATEST TRANSACTION | |
| control field | 20250702115008.0 |
| 008 - FIXED-LENGTH DATA ELEMENTS--GENERAL INFORMATION | |
| fixed length control field | 008 250516s9999 xx 000 0 eng d |
| 020 ## - INTERNATIONAL STANDARD BOOK NUMBER | |
| International Standard Book Number | 9781032598901 |
| 040 ## - CATALOGING SOURCE | |
| Language of cataloging | eng |
| Transcribing agency | SDCL |
| 041 ## - LANGUAGE CODE | |
| Language code of text/sound track or separate title | eng |
| Source of code | eng |
| 084 ## - COLON CLASSIFICATION NUMBER | |
| Classification number | D6,8(B),22:8 R4 |
| 100 ## - MAIN ENTRY--PERSONAL NAME | |
| Personal name | Wu, Di |
| 245 #0 - TITLE STATEMENT | |
| Title | Data mining with python : |
| Remainder of title | Theory, application, and case studies |
| 260 ## - PUBLICATION, DISTRIBUTION, ETC. | |
| Place of publication, distribution, etc. | Boca raton : |
| Name of publisher, distributor, etc. | CRC Press, |
| Date of publication, distribution, etc. | 2024. |
| 300 ## - PHYSICAL DESCRIPTION | |
| Extent | xxiii, 390p. |
| 490 ## - SERIES STATEMENT | |
| Series statement | The python series |
| 500 ## - GENERAL NOTE | |
| General note | Includes index |
| 650 ## - SUBJECT ADDED ENTRY--TOPICAL TERM | |
| Topical term or geographic name entry element | Operational Research |
| 650 ## - SUBJECT ADDED ENTRY--TOPICAL TERM | |
| Topical term or geographic name entry element | Data Intergration. |
| 650 ## - SUBJECT ADDED ENTRY--TOPICAL TERM | |
| Topical term or geographic name entry element | Clustering. |
| 650 ## - SUBJECT ADDED ENTRY--TOPICAL TERM | |
| Topical term or geographic name entry element | Outlier Detection |
| 650 ## - SUBJECT ADDED ENTRY--TOPICAL TERM | |
| Topical term or geographic name entry element | Regression. |
| 942 ## - ADDED ENTRY ELEMENTS (KOHA) | |
| Koha item type | Textual |
| Source of classification or shelving scheme | Colon Classification (CC) |
| 100 ## - MAIN ENTRY--PERSONAL NAME | |
| -- | 809319 |
| 650 ## - SUBJECT ADDED ENTRY--TOPICAL TERM | |
| -- | 814442 |
| 650 ## - SUBJECT ADDED ENTRY--TOPICAL TERM | |
| -- | 733203 |
| 650 ## - SUBJECT ADDED ENTRY--TOPICAL TERM | |
| -- | 815139 |
| 650 ## - SUBJECT ADDED ENTRY--TOPICAL TERM | |
| -- | 711644 |
| 999 ## - | |
| -- | 1429023 |
| -- | 1429023 |
| Withdrawn status | Lost status | Source of classification or shelving scheme | Damaged status | Not for loan | Home library | Current library | Date acquired | Source of acquisition | Inventory number | Total checkouts | Full call number | Barcode | Date last seen | Price effective from | Koha item type |
|---|---|---|---|---|---|---|---|---|---|---|---|---|---|---|---|
| Colon Classification (CC) | Central Science Library | Central Science Library | 2025-10-25 | Bright Book Service | D65,8(B),27PY R4 | SL1655970 | 2025-06-24 | 2025-06-24 | Textual | ||||||
| Colon Classification (CC) | South Campus Library | South Campus Library | 2025-05-22 | Bright Book Service | 2410, 18/12/2024 | D6,8(B),22:8 R4 | SC1690776 | 2025-05-22 | 2025-05-22 | Textual |
